| 000 | 00628nam a22001697a 4500 | ||
|---|---|---|---|
| 020 | _qHard Cover. | ||
| 082 | _a004 | ||
| 100 | _aNasir, Javed, Muhammd Junaid, Haris Nawaz, Umar Shafat, Fahad Hassan | ||
| 245 |
_aMOTIVATION / _cJaved Nasir, Muhammd Junaid, Haris Nawaz, Umar Shafat, Fahad Hassan |
||
| 260 |
_aIslamabad : _bSEECS - NUST, |
||
| 300 |
_a72 p. : ill. ; _c30cm. |
||
| 650 |
_aComputer Science Engineering-Project Report _931419 |
||
| 700 |
_aMuhammad Yousuf _931105 |
||
| 856 | _uhttp://10.250.8.41:8080/xmlui/handle/123456789/29247 | ||
| 942 |
_2ddc _cPR |
||
| 999 |
_c540555 _d540555 |
||